Business Information Systems / Technology, Development and Management (Record no. 746)
[ view plain ]
| 000 -LEADER | |
|---|---|
| fixed length control field | 01642cam a22002294a 4500 |
| 005 - ΗΜΕΡΟΜΗΝΙΑ ΚΑΙ ΩΡΑ ΤΕΛΕΥΤΑΙΑΣ ΕΝΗΜΕΡΩΣΗΣ | |
| Πεδίο ελέγχου | 20250605163944.0 |
| 008 - FIXED-LENGTH DATA ELEMENTS--GENERAL INFORMATION | |
| Πεδίο ελέγχου σταθερού μήκους | 250528s ||||||||||||||||||||||||d |
| 035 ## - SYSTEM CONTROL NUMBER | |
| System control number | 15152 |
| 020 ## - ISBN | |
| ISBN | 273638491 |
| 040 ## - ΠΗΓΗ ΚΑΤΑΛΟΓΟΓΡΑΦΗΣΗΣ | |
| Φορέας πρωτότυπης καταλογογράφησης | MC Athens Campus Library |
| Γλώσσα καταλογογράφησης | Ελληνικά, Μοντέρνα (1453-) |
| Modifying agency | MC Athens Campus Library |
| Κανόνες περιγραφικής καταλογογράφησης | AACR2 |
| 245 1# - ΤΙΤΛΟΣ ΚΑΙ ΔΗΛΩΣΗ ΥΠΕΥΘΥΝΟΤΗΤΑΣ | |
| Τίτλος | Business Information Systems / Technology, Development and Management |
| 260 ## - PUBLICATION, DISTRIBUTION, ETC. | |
| Name of publisher, distributor, etc. | Financial Times - Pitman Publishing, |
| Date of publication, distribution, etc. | 1999 |
| 300 ## - PHYSICAL DESCRIPTION | |
| Extent | 732 |
| 520 ## - SUMMARY, ETC. | |
| Summary, etc. | This book provides a comprehensive and accessible guide to business applications of information technology, information systems building and the management of information systems. Preface, Acknowledgements, Introduction to Information Systems, Basic Concepts - Understand Information, Basic Concepts - An Introduction to Information Systems, Hardware, Software, Networks and Telecommunications, Business Applications of Information Systems, Information Systems Development, An Introduction to Acquiring and Developing Information Systems, Initiating Systems Development, Systems Project Management, Systems Analysis, Systems Design, System Build and Implementation and Maintenance, Information Systems Management, Information Systems Strategy, Protecting Information Systems Against Security, End-User Computing and Providing End-User Services, Managing Internet - and Intranet - Based Information Systems, Ethical and Legal and Moral Constraints on Information Systems, Information Systems in the Future, Glossary, Index. |
| 700 1# - ΠΡΟΣΘΕΤΗ ΑΝΑΓΡΑΦΗ--ΦΥΣΙΚΟ ΠΡΟΣΩΠΟ | |
| Personal name | Bocij Paul |
| 9 (RLIN) | 1007 |
| 700 1# - ΠΡΟΣΘΕΤΗ ΑΝΑΓΡΑΦΗ--ΦΥΣΙΚΟ ΠΡΟΣΩΠΟ | |
| Personal name | Chaffey Dave |
| 9 (RLIN) | 1008 |
| 700 1# - ΠΡΟΣΘΕΤΗ ΑΝΑΓΡΑΦΗ--ΦΥΣΙΚΟ ΠΡΟΣΩΠΟ | |
| Personal name | Greasley Andrew |
| 9 (RLIN) | 1009 |
| 700 1# - ΠΡΟΣΘΕΤΗ ΑΝΑΓΡΑΦΗ--ΦΥΣΙΚΟ ΠΡΟΣΩΠΟ | |
| Personal name | Hickie Simon |
| 9 (RLIN) | 1010 |
| 942 ## - ADDED ENTRY ELEMENTS (KOHA) | |
| Koha item type | Books |
| Τύπος τεκμηρίου | Βιβλιοθήκη | Τρέχουσα τοποθεσία | Barcode | Αριθμός εισαγωγής | Ημερομηνία απόκτησης | Ταξιθετικό σύμβολο | Αριθμός αντιτύπου | Κατάσταση απόσυρσης | Κατάσταση χαμένου | Κατάσταση κατεστραμμένου | Μη δανεισμός | Σύνολο δανεισμών | Ημερομηνία τελευταίας εμφάνισης | Η τιμή ισχύει από |
|---|---|---|---|---|---|---|---|---|---|---|---|---|---|---|
| Books | MC Athens Campus Library | MC Athens Campus Library | 9780000007452 | 1384 | 05/06/2025 | 658.4038 BOC | 1 | 05/06/2025 | 05/06/2025 |